| 000 | 00355nam a22001337a 4500 | ||
|---|---|---|---|
| 999 |
_c8941 _d8941 |
||
| 003 | GBCCL | ||
| 005 | 20241126110702.0 | ||
| 008 | 220203b ||||| |||| 00| 0 eng d | ||
| 040 | _cgbc | ||
| 082 |
_aSOU ZOM _b1998 |
||
| 245 | _a50th Zomi namni golden jubilee souvenir: 1948-1998 | ||
| 260 |
_aLamka: _bEvening post publication , _c1998 |
||
| 942 |
_2ddc _cARCH |
||